| Tag |
First Indicator |
Second Indicator |
Subfields |
| LEADER |
00000cam a2200000Ii 4500 |
| 001 |
in00003576321 |
| 006 |
m o d |
| 007 |
cr mnu---uuaaa |
| 008 |
121227s2002 ne o 000 0 eng |
| 005 |
20260422221200.4 |
| 019 |
|
|
|a 828734536
|
| 020 |
|
|
|z 9781402010873
|
| 020 |
|
|
|z 1402010877
|
| 020 |
|
|
|a 9789401002813 (electronic bk.)
|
| 020 |
|
|
|a 9401002819 (electronic bk.)
|
| 035 |
|
|
|a (OCoLC)851369096
|z (OCoLC)828734536
|
| 040 |
|
|
|a AU@
|b eng
|c AU@
|d GW5XE
|d E7B
|d OCLCO
|d OCLCF
|d UtOrBLW
|
| 049 |
|
|
|a TXAM
|
| 050 |
|
4 |
|a QC173.45-173.458
|
| 050 |
|
4 |
|a QC491
|
| 072 |
|
7 |
|a PHF
|2 bicssc
|
| 072 |
|
7 |
|a SCI077000
|2 bisacsh
|
| 082 |
0 |
4 |
|a 537.5/352
|2 23
|
| 111 |
2 |
|
|a International Conference on the Applications of the Mössbauer Effect
|n (26th :
|d 2001 :
|c Oxford, England)
|
| 245 |
1 |
0 |
|a Hyperfine interactions (C) :
|b proceedings of the International Conference on the Applications of the Mössbauer Effect, (ICAME 2001) September 2-7, 2001, Oxford, U.K. /
|c edited by Michael F. Thomas, John M. Williams, Terence C. Gibb.
|
| 246 |
3 |
0 |
|a Proceedings of the International Conference on the Applications of the Mössbauer Effect (ICAME 2001), September 2-7, 2001, Oxford, UK
|
| 264 |
|
1 |
|a Dordrecht :
|b Springer-Science+Business Media,
|c 2002.
|
| 300 |
|
|
|a 1 online resource (xxiv, 606 pages)
|
| 336 |
|
|
|a text
|b txt
|2 rdacontent
|
| 337 |
|
|
|a computer
|b c
|2 rdamedia
|
| 338 |
|
|
|a online resource
|b cr
|2 rdacarrier
|
| 490 |
1 |
|
|a Hyperfine interactions (C) ;
|v v. 5
|
| 520 |
|
|
|a ICAME is the major International Conference on research in which Mössbauer Spectroscopy plays a key role. Mainstream topics cover Condensed Matter Science, - magnetism, nanophase materials, chemical structure and bonding, industrial applications including catalysis and corrosion, biological and medical studies. Non-mainstream investigations include relating diamonds to the state of the earth's interior and processes on asteroids and meteorites. Techniques include synchrotron radiation studies as well as traditional spectroscopy to provide a snapshot of worldwide activity in this field of research in 2001.
|
| 538 |
|
|
|a Mode of access: World Wide Web.
|
| 504 |
|
|
|a Includes bibliographical references.
|
| 500 |
|
|
|a Electronic resource.
|
| 650 |
|
0 |
|a Physics.
|
| 650 |
|
0 |
|a Chemistry, Inorganic.
|
| 650 |
|
0 |
|a Surfaces (Physics)
|
| 650 |
|
7 |
|a Mössbauer effect.
|2 fast
|0 (OCoLC)fst01032043
|
| 655 |
|
7 |
|a Electronic books.
|2 local
|
| 655 |
|
7 |
|a Conference proceedings.
|2 fast
|0 (OCoLC)fst01423772
|
| 700 |
1 |
|
|a Thomas, Michael F.
|q (Michael Frank),
|d 1938-
|
| 700 |
1 |
|
|a Williams, John M.
|q (John Mills)
|
| 700 |
1 |
|
|a Gibb, T. C.
|q (Terence Charles)
|
| 710 |
2 |
|
|a SpringerLink (Online service)
|
| 776 |
1 |
8 |
|i Printed edition
|z 9781402010873
|
| 830 |
|
0 |
|a Hyperfine interactions (C) ;
|v v. 5.
|
| 856 |
4 |
0 |
|u http://proxy.library.tamu.edu/login?url=https://link.springer.com/10.1007/978-94-010-0281-3
|z Connect to the full text of this electronic book
|t 0
|
| 994 |
|
|
|a 92
|b TXA
|
| 999 |
|
|
|a MARS
|
| 999 |
f |
f |
|s e2b6af65-5115-3bc2-bbb2-14edb987a00f
|i e3b583ad-6d10-3f53-ab7a-31705f4f90d4
|t 0
|
| 952 |
f |
f |
|a Texas A&M University
|b College Station
|c Electronic Resources
|s www_evans
|d Available Online
|t 0
|e QC491
|h Library of Congress classification
|
| 998 |
f |
f |
|a QC491
|t 0
|l Available Online
|